000 00540nam a22001937a 4500
003 OSt
005 20140310182036.0
008 130815t xxu||||| |||| 00| 0 eng d
020 _a07424639
_c
050 _aBV 2063
_b.N687 1994
082 _aHS 266.001
_bW89 1991
110 _aWord of joy foundation, Inc.
_910697
245 _aThe night, the spirit, rejoiced! /
260 _aPhilippines :
_bWord of joy foundation, Inc.,
_c1991.
300 _a64 p. ;
_bill.
_c22 cm.
650 _aChristianity
_910499
942 _2lcc
999 _c8679
_d8679